गर्दो के इंतजार में और आखरी खेल / (Record no. 112885)

MARC details
000 -LEADER
fixed length control field 01200nam a22002657a 4500
005 - DATE AND TIME OF LATEST TRANSACTION
control field 20170124102945.0
010 ## - LIBRARY OF CONGRESS CONTROL NUMBER
LC control number A-968141
020 ## - INTERNATIONAL STANDARD BOOK NUMBER
Terms of availability 125.00
035 ## - SYSTEM CONTROL NUMBER
System control number A-968141
037 ## - SOURCE OF ACQUISITION
Source of stock number/acquisition Cen Lib/Ret
040 ## - CATALOGING SOURCE
Original cataloging agency DPL
Language of cataloging HN
082 ## - DEWEY DECIMAL CLASSIFICATION NUMBER
Classification number 822
Item number वेकिट
100 ## - MAIN ENTRY--PERSONAL NAME
Personal name वेकिट, सेम्युअल
9 (RLIN) 49597
245 ## - TITLE STATEMENT
Title गर्दो के इंतजार में और आखरी खेल /
Statement of responsibility, etc सेम्युअल वेकिट ; अनुवादक कृषण बलदेव वैद
246 ## - VARYING FORM OF TITLE
Title proper/short title Gardo ke intzar me or aakhiri khail
Remainder of title by Samuel Beckett anuvadak Krishan Baldev Vaid
260 ## - PUBLICATION, DISTRIBUTION, ETC. (IMPRINT)
Place of publication, distribution, etc दिल्ली
Name of publisher, distributor, etc राजपाल एंड संस
Date of publication, distribution, etc 1999
270 ## - ADDRESS
Address कश्मीरी गेट
City दिल्ली
Postal code 110006
300 ## - PHYSICAL DESCRIPTION
Extent 165पृष्ठ.
Dimensions 20सेमी(सजिल्द)
650 ## - SUBJECT ADDED ENTRY--TOPICAL TERM
Topical term or geographic name as entry element अंग्रेजी लिटरेचर
9 (RLIN) 49598
650 ## - SUBJECT ADDED ENTRY--TOPICAL TERM
Topical term or geographic name as entry element अंग्रेजी नाटक
9 (RLIN) 49599
650 ## - SUBJECT ADDED ENTRY--TOPICAL TERM
Topical term or geographic name as entry element English Literature
9 (RLIN) 49600
650 ## - SUBJECT ADDED ENTRY--TOPICAL TERM
Topical term or geographic name as entry element English Drama
9 (RLIN) 49601
700 ## - ADDED ENTRY--PERSONAL NAME
Personal name वैद, कृषण बलदेव
9 (RLIN) 43371
942 ## - ADDED ENTRY ELEMENTS (KOHA)
Source of classification or shelving scheme Dewey Decimal Classification
Koha item type Hindi Books
Classification part 822
Call number suffix वेकिट
Holdings
Withdrawn status Lost status Damaged status Not for loan Home library Current library Date acquired Source of acquisition Cost, normal purchase price Total Checkouts Full call number Barcode Date last seen Copy number Cost, replacement price Price effective from Koha item type
        Central Library Central Library 10/08/2015 Cen Lib/Ret 125.00   822 वेकिट A-968141 10/08/2015 1 125.00 15/09/2016 Hindi Books

© Delhi Public Library
Hit Counter
free hit counter